<?xml version="1.0" encoding="UTF-8"?>
<record
    xmlns:xsi="http://www.w3.org/2001/XMLSchema-instance"
    xsi:schemaLocation="http://www.loc.gov/MARC21/slim http://www.loc.gov/standards/marcxml/schema/MARC21slim.xsd"
    xmlns="http://www.loc.gov/MARC21/slim">

  <leader>00518nam a2200181Ia 4500</leader>
  <controlfield tag="008">230917s9999||||xx |||||||||||||| ||und||</controlfield>
  <datafield tag="020" ind1=" " ind2=" ">
    <subfield code="c">RS 150.00</subfield>
  </datafield>
  <datafield tag="040" ind1=" " ind2=" ">
    <subfield code="e">5011712</subfield>
    <subfield code="a">MAIN</subfield>
  </datafield>
  <datafield tag="041" ind1=" " ind2=" ">
    <subfield code="a">English</subfield>
  </datafield>
  <datafield tag="082" ind1=" " ind2=" ">
    <subfield code="a">615.535 K124P(2)</subfield>
  </datafield>
  <datafield tag="100" ind1=" " ind2=" ">
    <subfield code="a">Kala, Sarsvati</subfield>
  </datafield>
  <datafield tag="245" ind1=" " ind2="0">
    <subfield code="a">Prakritik chikitsa: Ek samagr upachar paddhati</subfield>
  </datafield>
  <datafield tag="250" ind1=" " ind2=" ">
    <subfield code="a">2nd ed.</subfield>
  </datafield>
  <datafield tag="260" ind1=" " ind2=" ">
    <subfield code="a">New Delhi</subfield>
    <subfield code="b">Kitab Mahal Publishers</subfield>
    <subfield code="c">2020</subfield>
  </datafield>
  <datafield tag="300" ind1=" " ind2=" ">
    <subfield code="a">x, 126 p.</subfield>
  </datafield>
  <datafield tag="500" ind1=" " ind2=" ">
    <subfield code="a">4561 12/03/2022 IBS22/00169 13/11/2021 Centre for Yogic Studies</subfield>
  </datafield>
  <datafield tag="942" ind1=" " ind2=" ">
    <subfield code="c">BK</subfield>
  </datafield>
  <datafield tag="952" ind1=" " ind2=" ">
    <subfield code="0">0</subfield>
    <subfield code="1">0</subfield>
    <subfield code="4">0</subfield>
    <subfield code="6">615_535000000000000_K124P2</subfield>
    <subfield code="7">0</subfield>
    <subfield code="9">9500</subfield>
    <subfield code="a">MAIN</subfield>
    <subfield code="b">MAIN</subfield>
    <subfield code="d">2021-11-15</subfield>
    <subfield code="l">1</subfield>
    <subfield code="o">615.535 K124P(2)</subfield>
    <subfield code="p">393392</subfield>
    <subfield code="r">2023-11-20 13:15:42</subfield>
    <subfield code="s">2023-11-06</subfield>
    <subfield code="w">2023-09-17</subfield>
    <subfield code="y">BK</subfield>
  </datafield>
  <datafield tag="952" ind1=" " ind2=" ">
    <subfield code="0">0</subfield>
    <subfield code="1">0</subfield>
    <subfield code="4">0</subfield>
    <subfield code="6">615_535000000000000_K124P2</subfield>
    <subfield code="7">0</subfield>
    <subfield code="9">9501</subfield>
    <subfield code="a">MAIN</subfield>
    <subfield code="b">MAIN</subfield>
    <subfield code="d">2021-11-15</subfield>
    <subfield code="l">0</subfield>
    <subfield code="o">615.535 K124P(2)</subfield>
    <subfield code="p">397572</subfield>
    <subfield code="r">2023-09-17 17:20:01</subfield>
    <subfield code="w">2023-09-17</subfield>
    <subfield code="y">BK</subfield>
  </datafield>
  <datafield tag="952" ind1=" " ind2=" ">
    <subfield code="0">0</subfield>
    <subfield code="1">0</subfield>
    <subfield code="4">0</subfield>
    <subfield code="6">615_535000000000000_K124P2</subfield>
    <subfield code="7">0</subfield>
    <subfield code="9">9502</subfield>
    <subfield code="a">MAIN</subfield>
    <subfield code="b">MAIN</subfield>
    <subfield code="d">2021-11-15</subfield>
    <subfield code="l">0</subfield>
    <subfield code="o">615.535 K124P(2)</subfield>
    <subfield code="p">397573</subfield>
    <subfield code="r">2023-09-17 17:20:01</subfield>
    <subfield code="w">2023-09-17</subfield>
    <subfield code="y">BK</subfield>
  </datafield>
  <datafield tag="952" ind1=" " ind2=" ">
    <subfield code="0">0</subfield>
    <subfield code="1">0</subfield>
    <subfield code="4">0</subfield>
    <subfield code="6">615_535000000000000_K124P2</subfield>
    <subfield code="7">0</subfield>
    <subfield code="9">9503</subfield>
    <subfield code="a">MAIN</subfield>
    <subfield code="b">MAIN</subfield>
    <subfield code="d">2021-11-15</subfield>
    <subfield code="l">0</subfield>
    <subfield code="o">615.535 K124P(2)</subfield>
    <subfield code="p">397574</subfield>
    <subfield code="r">2023-09-17 17:20:01</subfield>
    <subfield code="w">2023-09-17</subfield>
    <subfield code="y">BK</subfield>
  </datafield>
  <datafield tag="952" ind1=" " ind2=" ">
    <subfield code="0">0</subfield>
    <subfield code="1">0</subfield>
    <subfield code="4">0</subfield>
    <subfield code="6">615_535000000000000_K124P2</subfield>
    <subfield code="7">0</subfield>
    <subfield code="9">9504</subfield>
    <subfield code="a">MAIN</subfield>
    <subfield code="b">MAIN</subfield>
    <subfield code="d">2021-11-15</subfield>
    <subfield code="l">0</subfield>
    <subfield code="o">615.535 K124P(2)</subfield>
    <subfield code="p">397575</subfield>
    <subfield code="r">2023-09-17 17:20:01</subfield>
    <subfield code="w">2023-09-17</subfield>
    <subfield code="y">BK</subfield>
  </datafield>
  <datafield tag="952" ind1=" " ind2=" ">
    <subfield code="0">0</subfield>
    <subfield code="1">0</subfield>
    <subfield code="4">0</subfield>
    <subfield code="6">615_535000000000000_K124P2</subfield>
    <subfield code="7">0</subfield>
    <subfield code="9">9505</subfield>
    <subfield code="a">MAIN</subfield>
    <subfield code="b">MAIN</subfield>
    <subfield code="d">2021-11-15</subfield>
    <subfield code="l">2</subfield>
    <subfield code="o">615.535 K124P(2)</subfield>
    <subfield code="p">405454</subfield>
    <subfield code="r">2023-12-16 10:55:13</subfield>
    <subfield code="s">2023-12-09</subfield>
    <subfield code="w">2023-09-17</subfield>
    <subfield code="y">BK</subfield>
  </datafield>
  <datafield tag="952" ind1=" " ind2=" ">
    <subfield code="0">0</subfield>
    <subfield code="1">0</subfield>
    <subfield code="4">0</subfield>
    <subfield code="6">615_535000000000000_K124P2</subfield>
    <subfield code="7">0</subfield>
    <subfield code="9">9506</subfield>
    <subfield code="a">MAIN</subfield>
    <subfield code="b">MAIN</subfield>
    <subfield code="d">2021-11-15</subfield>
    <subfield code="l">2</subfield>
    <subfield code="o">615.535 K124P(2)</subfield>
    <subfield code="p">405455</subfield>
    <subfield code="r">2024-01-06 12:29:16</subfield>
    <subfield code="s">2023-12-09</subfield>
    <subfield code="w">2023-09-17</subfield>
    <subfield code="y">BK</subfield>
  </datafield>
  <datafield tag="952" ind1=" " ind2=" ">
    <subfield code="0">0</subfield>
    <subfield code="1">0</subfield>
    <subfield code="4">0</subfield>
    <subfield code="6">615_535000000000000_K124P2</subfield>
    <subfield code="7">0</subfield>
    <subfield code="9">9507</subfield>
    <subfield code="a">MAIN</subfield>
    <subfield code="b">MAIN</subfield>
    <subfield code="d">2021-11-15</subfield>
    <subfield code="l">1</subfield>
    <subfield code="o">615.535 K124P(2)</subfield>
    <subfield code="p">405456</subfield>
    <subfield code="r">2023-12-19 15:36:42</subfield>
    <subfield code="s">2023-11-18</subfield>
    <subfield code="w">2023-09-17</subfield>
    <subfield code="y">BK</subfield>
  </datafield>
  <datafield tag="952" ind1=" " ind2=" ">
    <subfield code="0">0</subfield>
    <subfield code="1">0</subfield>
    <subfield code="4">0</subfield>
    <subfield code="6">615_535000000000000_K124P2</subfield>
    <subfield code="7">0</subfield>
    <subfield code="9">9508</subfield>
    <subfield code="a">MAIN</subfield>
    <subfield code="b">MAIN</subfield>
    <subfield code="d">2021-11-15</subfield>
    <subfield code="l">0</subfield>
    <subfield code="o">615.535 K124P(2)</subfield>
    <subfield code="p">405457</subfield>
    <subfield code="r">2023-09-17 17:20:01</subfield>
    <subfield code="w">2023-09-17</subfield>
    <subfield code="y">BK</subfield>
  </datafield>
  <datafield tag="952" ind1=" " ind2=" ">
    <subfield code="0">0</subfield>
    <subfield code="1">0</subfield>
    <subfield code="4">0</subfield>
    <subfield code="6">615_535000000000000_K124P2</subfield>
    <subfield code="7">0</subfield>
    <subfield code="9">9509</subfield>
    <subfield code="a">MAIN</subfield>
    <subfield code="b">MAIN</subfield>
    <subfield code="d">2021-11-15</subfield>
    <subfield code="l">0</subfield>
    <subfield code="o">615.535 K124P(2)</subfield>
    <subfield code="p">405458</subfield>
    <subfield code="r">2023-09-17 17:20:01</subfield>
    <subfield code="w">2023-09-17</subfield>
    <subfield code="y">BK</subfield>
  </datafield>
  <datafield tag="952" ind1=" " ind2=" ">
    <subfield code="0">0</subfield>
    <subfield code="1">0</subfield>
    <subfield code="2">ddc</subfield>
    <subfield code="4">0</subfield>
    <subfield code="6">615_535000000000000_K124P2</subfield>
    <subfield code="7">0</subfield>
    <subfield code="9">497172</subfield>
    <subfield code="a">MAIN</subfield>
    <subfield code="b">MAIN</subfield>
    <subfield code="c">VL</subfield>
    <subfield code="d">2026-01-28</subfield>
    <subfield code="e">3</subfield>
    <subfield code="g">112.50</subfield>
    <subfield code="l">0</subfield>
    <subfield code="o">615.535 K124P(2)</subfield>
    <subfield code="p">444874</subfield>
    <subfield code="r">2026-01-28 00:00:00</subfield>
    <subfield code="v">150.00</subfield>
    <subfield code="w">2026-01-28</subfield>
    <subfield code="y">BK</subfield>
  </datafield>
  <datafield tag="952" ind1=" " ind2=" ">
    <subfield code="0">0</subfield>
    <subfield code="1">0</subfield>
    <subfield code="2">ddc</subfield>
    <subfield code="4">0</subfield>
    <subfield code="6">615_535000000000000_K124P2</subfield>
    <subfield code="7">0</subfield>
    <subfield code="9">497173</subfield>
    <subfield code="a">MAIN</subfield>
    <subfield code="b">MAIN</subfield>
    <subfield code="c">VL</subfield>
    <subfield code="d">2026-01-28</subfield>
    <subfield code="e">3</subfield>
    <subfield code="g">112.50</subfield>
    <subfield code="l">0</subfield>
    <subfield code="o">615.535 K124P(2)</subfield>
    <subfield code="p">444875</subfield>
    <subfield code="r">2026-01-28 00:00:00</subfield>
    <subfield code="v">150.00</subfield>
    <subfield code="w">2026-01-28</subfield>
    <subfield code="y">BK</subfield>
  </datafield>
  <datafield tag="999" ind1=" " ind2=" ">
    <subfield code="c">5644</subfield>
    <subfield code="d">5644</subfield>
  </datafield>
</record>
